000
00292nam a2200109Ia 4500
008
171204s9999 xx 000 0 und d
245
_a
Giovanni Brizzi, "Silla":
245
_c
Giovanni Brizzi
260
_c
2004
650
_x
History
856
_u
http://down.ebook777.com/064/9788839713018.pdf
999
_c
345569
_d
345569